| 000 | 00360 a2200121 4500 | ||
|---|---|---|---|
| 001 | ART_11621 | ||
| 005 | 20260410161858.0 | ||
| 008 | 260409a | ||
| 245 | 1 | 0 | _aThe design of tax structure |
| 100 | 1 | _aStiglitz, Joseph E. | |
| 700 | 1 | _aAtkinson, A.B. | |
| 773 | 0 |
_tJournal of public economics _g- Vol. 6, NÂș 1/2 (jul./ago. 1976) _wREV11485 |
|
| 999 |
_c25675 _d25675 |
||